000 00421nam a2200169Ia 4500
003 LK-CoDNM
008 010623t xxu||||| |||| 00| 1 sin d
040 _aLK-CoDNM
_dLK-CoDNM
_eLK-CoDNM
041 _asin
080 _a354.741
100 _aRatha vahana policiya
245 _aපාසල් දේශන
246 _aPaasal deshana
260 _bSri Lanka ratha vahana policiya
300 _b, 29 cm
942 _cBK
999 _c139242
_d139242